Gaming Quiz

Random Gaming or Video Games Quiz

Video Game Armor Quiz Stats

 Plays Quiz Updated Mar 1, 2015

Challenge
Share
Tweet
Score 0/25 Timer 07:00
0 Plays Today
% Correct
Mario
98.1%
Halo
95.1%
Minecraft
83.8%
Assassin's Creed
80%
Metroid
78.9%
Mega Man
71.4%
Half-Life
70.3%
The Elder Scrolls
66.8%
Fallout
58.8%
Mass Effect
56.1%
Gears of War
55.6%
Ratchet & Clank
54.9%
Dead Space
46.7%
% Correct
Crysis
43.9%
World of Warcraft
42.6%
Dark Souls
39.8%
Killzone
37.8%
Starcraft
37.7%
Warhammer 40k
35.9%
The Legend of Zelda
35.2%
Fire Emblem
22.1%
Final Fantasy
16%
Dragon Age
10.9%
Soulcalibur
10.7%
Vanquish
7.8%

You're not logged in!

Compare scores with friends on all Sporcle quizzes.
Join for Free
OR
Log In

You Might Also Like...

Show Comments

Extras

Top Quizzes Today


Score Distribution

Your Account Isn't Verified!

In order to create a playlist on Sporcle, you need to verify the email address you used during registration. Go to your Sporcle Settings to finish the process.

Report this User

Report this user for behavior that violates our Community Guidelines.

Details: